000 00657nam a2200205 i 4500
001 60083
003 ES-MaACL
005 20230906164143.0
007 t|
008 031103s1970 sp ||||1| spa d
100 1 _aEscarra, Edouard.
_947518
245 1 3 _aEl desarrollo industrial de Cataluña (1900-1908) /
_cEdouard Escarra ; traducción de Enric Borrás Cubells.
260 _aBarcelona :
_bGrijalbo,
_c1970.
300 _a187 p. ;
_c20 cm.
490 1 _aDimensiones hispánicas ;
_v1
700 1 _aBorrás Cubells, Enric.
_930558
830 0 _aDimensiones hispánicas ;
_v1
_9181544
852 _aES-MaACL
_jC-49077
_bR.75600
999 _c60083
_d60083